آءينوں کے رو برو (Record no. 5778)

MARC details
000 -LEADER
fixed length control field 00962 a2200241 4500
005 - DATE AND TIME OF LATEST TRANSACTION
control field 20081010141317.0
008 - FIXED-LENGTH DATA ELEMENTS--GENERAL INFORMATION
fixed length control field 081010t xxu||||| |||| 00| 0 ur d
010 ## - LCCN (DPL NO)
LC control number UR-7403
020 ## - INTERNATIONAL STANDARD BOOK NUMBER
Terms of availability 220.00
International Standard Book Number 818042023x
035 ## - SYSTEM CONTROL NUMBER
System control number U-5958
037 ## - SOURCE OF ACQUISITION
Source of stock number/acquisition D.B.Act / Pub
082 ## - DEWEY DECIMAL CLASSIFICATION NUMBER
Classification number 840.8
100 ## - MAIN ENTRY--PERSONAL NAME
Personal name شبا ب للت
245 ## - TITLE STATEMENT
Title آءينوں کے رو برو
Remainder of title (تنقيدی مضامين)
Statement of responsibility, etc شبا ب للت
246 ## - VARYING FORM OF TITLE
Title proper/short title Aeenon ke Roo -Broo
Remainder of title by Shabab Lalit
260 ## - PUBLICATION, DISTRIBUTION, ETC. (IMPRINT)
Place of publication, distribution, etc نئ دھلی
Name of publisher, distributor, etc موڈرن پبليشنگ ہا ؤس
Date of publication, distribution, etc 2007
270 ## - ADDRESS
Address 9،گو لا مارکيٹ،دريا گنج
City نئ دھلی
Postal code 110002
Telephone number 01123278869
300 ## - PHYSICAL DESCRIPTION
Extent 144p
Dimensions 22cm (Pbk)
650 ## - SUBJECT ADDED ENTRY--TOPICAL TERM
Topical term or geographic name as entry element Criticism
650 ## - SUBJECT ADDED ENTRY--TOPICAL TERM
Topical term or geographic name as entry element تنقيدی مضا مين
942 ## - ADDED ENTRY ELEMENTS (KOHA)
Institution code [OBSOLETE] dpl
Item type Urdu Bks
Source of classification or shelving scheme Dewey Decimal Classification
Classification part 840.8
Call number suffix ش ب ا
Holdings
Withdrawn status Lost status Source of classification or shelving scheme Damaged status Not for loan Collection code Home library Current library Date acquired Cost, normal purchase price Total Checkouts Full call number Barcode Date last seen Copy number Cost, replacement price Koha item type
    Dewey Decimal Classification   Not For Loan Non-fiction D.B.Act.Division D.B.Act.Division 10/10/2008 220.00   840.8 ش ب ا U-5958 15/09/2008 1 220.00 Urdu Bks

© Delhi Public Library
Hit Counter
free hit counter